000 00425nam a2200181Ia 4500
005 20250603144548.0
008 250603s9999 xx 000 0 und d
020 _a9789780295608
050 _aDT 515.842 .O38/
100 _aOjukwu, Emeka Odumegwu
245 0 _aBecause i am involved
260 _aIbadan
260 _bSpectrum Books limited
260 _c2015
300 _a206 p
650 _aIbadan
942 _cBK
999 _c39286
_d39286